[Event "Gibtelecom AmatWk1 5th"]
[Site "Gibraltar"]
[Date "2007.01.23"]
[Round "1"]
[White "Apps, Ian"]
[Black "Millward, Kevin"]
[Result "0-1"]
[WhiteElo "1400"]
[BlackElo "1744"]
[PlyCount "86"]
[EventDate "2007.01.23"]
[EventType "swiss"]
[EventRounds "5"]
[EventCountry "GGB"]
[SourceTitle "BritBase"]
[Source "www.saund.co.uk"]
[SourceDate "2018.02.10"]
[SourceVersion "1"]
[SourceVersionDate "2018.02.10"]
[SourceQuality "1"]

1. Nf3 Nf6 2. g3 g6 3. Bg2 Bg7 4. O-O O-O 5. d3 d5 6. Re1 Nc6 7. a3 e5 8. Nbd2
Be6 9. e4 d4 10. b3 Ne8 11. Nc4 h6 12. Bd2 Qd7 13. Bb4 Nd6 14. c3 Nxb4 15. axb4
dxc3 16. Nfxe5 Qb5 17. d4 Nxc4 18. Qd3 Bxe5 19. bxc4 Bxc4 20. Qxc3 Bd6 21. Rab1
Ba2 22. Rb2 Be6 23. f4 Rad8 24. e5 Be7 25. Reb1 c6 26. h3 Qc4 27. Qxc4 Bxc4 28.
Rd2 Be6 29. b5 Bd5 30. bxc6 bxc6 31. Rb7 Bxg2 32. Kxg2 Bc5 33. Rc7 Rxd4 34.
Rxd4 Bxd4 35. Rxc6 Re8 36. g4 a5 37. Rc4 Be3 38. Kf3 Bd2 39. f5 gxf5 40. gxf5
Rxe5 41. Kg4 h5+ 42. Kxh5 Rxf5+ 43. Kg4 Rf4+ 0-1

[Event "Gibtelecom AmatWk1 5th"]
[Site "Gibraltar"]
[Date "2007.01.23"]
[Round "1"]
[White "Haddock, Paul"]
[Black "Barclay, Richard"]
[Result "1-0"]
[WhiteElo "1424"]
[BlackElo "1752"]
[PlyCount "46"]
[EventDate "2007.01.23"]
[EventType "swiss"]
[EventRounds "5"]
[EventCountry "GGB"]
[SourceTitle "BritBase"]
[Source "www.saund.co.uk"]
[SourceDate "2018.02.10"]
[SourceVersion "1"]
[SourceVersionDate "2018.02.10"]
[SourceQuality "1"]

1. e4 c5 2. Nf3 Nc6 3. d4 cxd4 4. Nxd4 d6 5. Bc4 e6 6. Nc3 Nf6 7. Bb3 a6 8. O-O
Be7 9. Bg5 O-O 10. Kh1 Qc7 11. f4 b5 12. Nxc6 Qxc6 13. e5 dxe5 14. fxe5 Bb7 15.
Qe2 Ba3 16. bxa3 Qxc3 17. exf6 a5 18. Qxb5 Bc6 19. Qc4 Qe5 20. Qxc6 Qxg5 21.
fxg7 Rfc8 22. Qf3 Qxg7 23. a4 Rd8 1-0

[Event "Gibtelecom AmatWk1 5th"]
[Site "Gibraltar"]
[Date "2007.01.23"]
[Round "1"]
[White "Joseph, Adrian P"]
[Black "Bailey, Gregory"]
[Result "1-0"]
[WhiteElo "1672"]
[BlackElo "1280"]
[PlyCount "27"]
[EventDate "2007.01.23"]
[EventType "swiss"]
[EventRounds "5"]
[EventCountry "GGB"]
[SourceTitle "BritBase"]
[Source "www.saund.co.uk"]
[SourceDate "2018.02.10"]
[SourceVersion "1"]
[SourceVersionDate "2018.02.10"]
[SourceQuality "1"]

1. e4 c5 2. c3 d5 3. exd5 Qxd5 4. d4 cxd4 5. cxd4 Nc6 6. Nf3 e5 7. Nc3 Bb4 8.
Bd2 Bxc3 9. Bxc3 e4 10. Ne5 Nxe5 11. dxe5 Ne7 12. Qc2 Ng6 13. Rd1 Qe6 14. Bb5+
1-0

[Event "Gibtelecom AmatWk1 5th"]
[Site "Gibraltar"]
[Date "2007.01.23"]
[Round "1"]
[White "Lozano, Mena"]
[Black "Goodfellow, Russell"]
[Result "0-1"]
[WhiteElo "1352"]
[BlackElo "1704"]
[PlyCount "22"]
[EventDate "2007.01.23"]
[EventType "swiss"]
[EventRounds "5"]
[EventCountry "GGB"]
[SourceTitle "BritBase"]
[Source "www.saund.co.uk"]
[SourceDate "2018.02.10"]
[SourceVersion "1"]
[SourceVersionDate "2018.02.10"]
[SourceQuality "1"]

1. e4 c5 2. Nf3 e6 3. d4 cxd4 4. Nxd4 Nf6 5. Nc3 d6 6. f3 a6 7. Be3 Qc7 8. Qd2
b5 9. O-O-O b4 10. Nb1 Nbd7 11. Bc4 Qxc4 0-1

[Event "Gibtelecom AmatWk1 5th"]
[Site "Gibraltar"]
[Date "2007.01.23"]
[Round "1"]
[White "O'Gorman, Brendan"]
[Black "Garcia Lechugo, Francisco"]
[Result "1-0"]
[WhiteElo "1752"]
[BlackElo "1300"]
[PlyCount "35"]
[EventDate "2007.01.23"]
[EventType "swiss"]
[EventRounds "5"]
[EventCountry "GGB"]
[SourceTitle "BritBase"]
[Source "www.saund.co.uk"]
[SourceDate "2018.02.10"]
[SourceVersion "1"]
[SourceVersionDate "2018.02.10"]
[SourceQuality "1"]

1. Nf3 b6 2. g3 Bb7 3. Bg2 e6 4. c4 f5 5. O-O Nc6 6. Nc3 h6 7. e4 Qf6 8. exf5
exf5 9. Re1+ Nge7 10. Nd5 Qd6 11. d4 O-O-O 12. Bf4 Qg6 13. Nxc7 Qf7 14. d5 Nb8
15. Rc1 Ng6 16. Nb5 Nxf4 17. Nxa7+ Kc7 18. d6+ 1-0

[Event "Gibtelecom AmatWk1 5th"]
[Site "Gibraltar"]
[Date "2007.01.23"]
[Round "1"]
[White "Rashleigh, Jonathan"]
[Black "Hughes, Peter"]
[Result "1/2-1/2"]
[WhiteElo "1560"]
[BlackElo "1648"]
[PlyCount "58"]
[EventDate "2007.01.23"]
[EventType "swiss"]
[EventRounds "5"]
[EventCountry "GGB"]
[SourceTitle "BritBase"]
[Source "www.saund.co.uk"]
[SourceDate "2018.02.10"]
[SourceVersion "1"]
[SourceVersionDate "2018.02.10"]
[SourceQuality "1"]

1. d4 Nf6 2. Bg5 c5 3. Bxf6 exf6 4. d5 f5 5. Nc3 d6 6. Nf3 Be7 7. g3 O-O 8. Bg2
Bf6 9. Qd2 Re8 10. e3 a6 11. a4 b6 12. O-O Bb7 13. Rab1 Nd7 14. Rfe1 Qc7 15. e4
fxe4 16. Nxe4 b5 17. axb5 axb5 18. Nxf6+ Nxf6 19. Ng5 h6 20. Nh3 b4 21. c4 Qd7
22. Nf4 Rxe1+ 23. Rxe1 Re8 24. Rxe8+ Qxe8 25. Bh3 Qe4 26. Qe2 Ba6 27. Bf1 Qxe2
28. Bxe2 Ne4 29. Ng2 g6 1/2-1/2

[Event "Gibtelecom AmatWk1 5th"]
[Site "Gibraltar"]
[Date "2007.01.24"]
[Round "2"]
[White "Adams, Tim P"]
[Black "Joseph, Adrian P"]
[Result "0-1"]
[WhiteElo "1776"]
[BlackElo "1672"]
[PlyCount "29"]
[EventDate "2007.01.23"]
[EventType "swiss"]
[EventRounds "5"]
[EventCountry "GGB"]
[SourceTitle "BritBase"]
[Source "www.saund.co.uk"]
[SourceDate "2018.02.10"]
[SourceVersion "1"]
[SourceVersionDate "2018.02.10"]
[SourceQuality "1"]

1. e4 Nf6 2. d3 g6 3. g3 d6 4. Bg2 c6 5. Ne2 Qa5+ 6. c3 Bg4 7. f3 Bd7 8. Be3
Na6 9. b4 Qc7 10. a4 Bg7 11. O-O O-O 12. Nd2 e5 13. Rb1 d5 14. c4 dxe4 15. dxe4
{remaining moves illegible} 0-1

[Event "Gibtelecom AmatWk1 5th"]
[Site "Gibraltar"]
[Date "2007.01.24"]
[Round "2"]
[White "Bailey, Gregory"]
[Black "Apps, Ian"]
[Result "1-0"]
[WhiteElo "1280"]
[BlackElo "1400"]
[PlyCount "51"]
[EventDate "2007.01.23"]
[EventType "swiss"]
[EventRounds "5"]
[EventCountry "GGB"]
[SourceTitle "BritBase"]
[Source "www.saund.co.uk"]
[SourceDate "2018.02.10"]
[SourceVersion "1"]
[SourceVersionDate "2018.02.10"]
[SourceQuality "1"]

1. d4 Nf6 2. c4 g6 3. Nc3 Bg7 4. e4 d6 5. f3 O-O 6. Be3 Nbd7 7. Qd2 b6 8. Nge2
Re8 9. O-O-O e5 10. d5 Ba6 11. Ng3 Nb8 12. h4 h5 13. Bd3 Bc8 14. Nge2 Nh7 15.
Rdg1 Qf6 16. Rf1 c6 17. g4 cxd5 18. Nxd5 Qd8 19. gxh5 Re6 20. hxg6 Rxg6 21. h5
Rg2 22. Rfg1 Rxg1+ 23. Rxg1 f6 24. h6 Ng5 25. Bxg5 Qd7 26. Bxf6 1-0

[Event "Gibtelecom AmatWk1 5th"]
[Site "Gibraltar"]
[Date "2007.01.24"]
[Round "2"]
[White "Barclay, Richard"]
[Black "Lozano, Mena"]
[Result "1-0"]
[WhiteElo "1752"]
[BlackElo "1352"]
[PlyCount "49"]
[EventDate "2007.01.23"]
[EventType "swiss"]
[EventRounds "5"]
[EventCountry "GGB"]
[SourceTitle "BritBase"]
[Source "www.saund.co.uk"]
[SourceDate "2018.02.10"]
[SourceVersion "1"]
[SourceVersionDate "2018.02.10"]
[SourceQuality "1"]

1. c4 e5 2. Nc3 c6 3. Nf3 Qc7 4. g3 Nf6 5. Bg2 d5 6. cxd5 e4 7. Nd4 cxd5 8. O-O
a6 9. d3 Bc5 10. dxe4 Qe5 11. Nf3 Qh5 12. Nxd5 Nxd5 13. Qxd5 Qxd5 14. exd5 Nd7
15. Bd2 Nf6 16. Bc3 Nxd5 17. Bxg7 Rg8 18. Bd4 Bxd4 19. Nxd4 Be6 20. Nxe6 fxe6
21. Bxd5 exd5 22. Rfd1 Rg5 23. Rac1 h5 24. Rc5 Rd8 25. e4 1-0

[Event "Gibtelecom AmatWk1 5th"]
[Site "Gibraltar"]
[Date "2007.01.24"]
[Round "2"]
[White "Bucknell, Malcolm Gordon"]
[Black "O'Gorman, Brendan"]
[Result "0-1"]
[WhiteElo "2064"]
[BlackElo "1752"]
[PlyCount "90"]
[EventDate "2007.01.23"]
[EventType "swiss"]
[EventRounds "5"]
[EventCountry "GGB"]
[SourceTitle "BritBase"]
[Source "www.saund.co.uk"]
[SourceDate "2018.02.10"]
[SourceVersion "1"]
[SourceVersionDate "2018.02.10"]
[SourceQuality "1"]

1. e4 c5 2. Nc3 e6 3. Nf3 Nc6 4. d4 cxd4 5. Nxd4 Nf6 6. Be2 Bb4 7. Bf3 Ne5 8.
O-O d5 9. exd5 Bxc3 10. bxc3 Nxf3+ 11. Qxf3 Nxd5 12. Qg3 O-O 13. Re1 Qc7 14.
Qxc7 Nxc7 15. Rb1 b6 16. c4 Na6 17. a4 Bd7 18. a5 bxa5 19. Ba3 Rfc8 20. Rb7 Be8
21. Nb5 Rxc4 22. Nd6 Rxc2 23. Rd1 Rc7 24. Rxc7 Nxc7 25. Rb1 a6 26. Bc5 Nb5 27.
Nb7 a4 28. Ra1 Nc3 29. h3 Rb8 30. Nd6 Bc6 31. Nc4 Bb5 32. Na3 Rd8 33. g3 f6 34.
Be3 Kf7 35. Kh2 e5 36. Rc1 Rd3 37. Bc5 Ne2 38. Rc2 Nd4 39. Rb2 Nf3+ 40. Kg2 Bc6
41. Rb6 Nd4+ 42. Kh2 Bf3 43. Rxa6 Rd1 44. g4 Rh1+ 45. Kg3 Rg1+ 0-1

[Event "Gibtelecom AmatWk1 5th"]
[Site "Gibraltar"]
[Date "2007.01.24"]
[Round "2"]
[White "Garcia Lechugo, Francisco"]
[Black "Rashleigh, Jonathan"]
[Result "0-1"]
[WhiteElo "1300"]
[BlackElo "1560"]
[PlyCount "44"]
[EventDate "2007.01.23"]
[EventType "swiss"]
[EventRounds "5"]
[EventCountry "GGB"]
[SourceTitle "BritBase"]
[Source "www.saund.co.uk"]
[SourceDate "2018.02.10"]
[SourceVersion "1"]
[SourceVersionDate "2018.02.10"]
[SourceQuality "1"]

1. Nf3 e6 2. g3 f5 3. Bg2 Nf6 4. c4 Be7 5. d3 O-O 6. O-O d6 7. b4 e5 8. Nc3 Qe8
9. Qb3 Kh8 10. e4 fxe4 11. dxe4 Bg4 12. Nd5 Nxd5 13. cxd5 Qh5 14. Ne1 Rf6 15.
Nd3 Nd7 16. f4 Rh6 17. Kf2 Rf8 18. f5 Rhf6 19. Rh1 Bxf5 20. exf5 Rxf5+ 21. Kg1
Qe2 22. a4 Rf1+ 0-1

[Event "Gibtelecom AmatWk1 5th"]
[Site "Gibraltar"]
[Date "2007.01.24"]
[Round "2"]
[White "Goodfellow, Russell"]
[Black "Poggio, Freddie"]
[Result "1-0"]
[WhiteElo "1704"]
[BlackElo "1400"]
[PlyCount "75"]
[EventDate "2007.01.23"]
[EventType "swiss"]
[EventRounds "5"]
[EventCountry "GGB"]
[SourceTitle "BritBase"]
[Source "www.saund.co.uk"]
[SourceDate "2018.02.10"]
[SourceVersion "1"]
[SourceVersionDate "2018.02.10"]
[SourceQuality "1"]

1. e4 c5 2. Nf3 d6 3. d4 cxd4 4. Nxd4 Nf6 5. Nc3 a6 6. Bc4 e6 7. Bb3 Nbd7 8. f4
Be7 9. Bxe6 O-O 10. Bb3 Nc5 11. Qf3 Nxb3 12. axb3 Re8 13. O-O Bf8 14. Re1 Qc7
15. h3 Bd7 16. Be3 Bc6 17. Nd5 Nxd5 18. exd5 Bd7 19. c3 Be7 20. Ne2 Bh4 21. g3
Bf6 22. Bd4 Rxe2 23. Rxe2 Bxd4+ 24. cxd4 Qb6 25. Rd1 Rf8 26. f5 Qd8 27. f6 gxf6
28. g4 Kh8 29. Rf2 f5 30. gxf5 Rg8+ 31. Kh2 Qf6 32. Qf4 Rg5 33. Rdf1 Rxf5 34.
Qe3 Rxf2+ 35. Rxf2 Qd8 36. Qf4 Be8 37. Qf6+ Qxf6 38. Rxf6 1-0

[Event "Gibtelecom AmatWk1 5th"]
[Site "Gibraltar"]
[Date "2007.01.24"]
[Round "2"]
[White "Hughes, Peter"]
[Black "Betari, Abdelkrim"]
[Result "0-1"]
[WhiteElo "1648"]
[BlackElo "1300"]
[PlyCount "88"]
[EventDate "2007.01.23"]
[EventType "swiss"]
[EventRounds "5"]
[EventCountry "GGB"]
[SourceTitle "BritBase"]
[Source "www.saund.co.uk"]
[SourceDate "2018.02.10"]
[SourceVersion "1"]
[SourceVersionDate "2018.02.10"]
[SourceQuality "1"]

1. d4 d5 2. c4 e6 3. Nf3 Bb4+ 4. Nbd2 Nc6 5. e3 Nf6 6. a3 Bxd2+ 7. Nxd2 b6 8.
Be2 Bb7 9. Qc2 Ne7 10. Bf3 O-O 11. O-O Rb8 12. b4 dxc4 13. Bxb7 Rxb7 14. Nxc4
Ng6 15. Bb2 Qd5 16. Nd2 Qh5 17. Nf3 Nh4 18. Nxh4 Qxh4 19. Rac1 Qe4 20. Qe2 Qh4
21. Rc2 Ng4 22. h3 Nf6 23. Rfc1 Rc8 24. Rc6 g5 25. Qa6 Ne4 26. R1c2 Rcb8 27.
Qc4 Rc8 28. Rxe6 Rd8 29. Re7 Nd6 30. Qe2 h5 31. Rcxc7 Rxc7 32. Rxc7 g4 33. hxg4
hxg4 34. g3 Qh3 35. Qf1 Qh5 36. Qg2 Qf5 37. Rc1 Ne4 38. Kf1 Nd2+ 39. Ke2 Nb3
40. e4 Nxc1+ 41. Bxc1 Qb5+ 42. Ke3 Qg5+ 43. f4 gxf3+ 44. Kxf3 Qxc1 0-1

[Event "Gibtelecom AmatWk1 5th"]
[Site "Gibraltar"]
[Date "2007.01.24"]
[Round "2"]
[White "Millward, Kevin"]
[Black "Haddock, Paul"]
[Result "1-0"]
[WhiteElo "1744"]
[BlackElo "1424"]
[PlyCount "31"]
[EventDate "2007.01.23"]
[EventType "swiss"]
[EventRounds "5"]
[EventCountry "GGB"]
[SourceTitle "BritBase"]
[Source "www.saund.co.uk"]
[SourceDate "2018.02.10"]
[SourceVersion "1"]
[SourceVersionDate "2018.02.10"]
[SourceQuality "1"]

1. e4 c5 2. Nc3 d6 3. g3 Nc6 4. Bg2 g6 5. d3 Bg7 6. Nge2 Nf6 7. O-O O-O 8. Bg5
Be6 9. Qd2 Rc8 10. Rab1 a6 11. Nf4 Qa5 12. Nxe6 fxe6 13. Bh3 Nd4 14. f4 Nf3+
15. Rxf3 c4 16. Bxe6+ 1-0

[Event "Gibtelecom AmatWk1 5th"]
[Site "Gibraltar"]
[Date "2007.01.25"]
[Round "3.22"]
[White "O'Gorman, Brendan"]
[Black "Goodfellow, Russell"]
[Result "0-1"]
[WhiteElo "1752"]
[BlackElo "1704"]
[PlyCount "210"]
[EventDate "2007.01.23"]
[EventType "swiss"]
[EventRounds "5"]
[EventCountry "GGB"]
[SourceTitle "BritBase"]
[Source "www.saund.co.uk"]
[SourceDate "2018.02.10"]
[SourceVersion "1"]
[SourceVersionDate "2018.02.10"]
[SourceQuality "1"]

1. Nf3 e6 2. c4 c5 3. Nc3 a6 4. g3 b6 5. Bg2 Bb7 6. O-O Qc7 7. b3 Nf6 8. Bb2 d6
9. Re1 Nbd7 10. e4 Be7 11. d4 cxd4 12. Nxd4 O-O 13. Qd2 Rfe8 14. Rad1 Rad8 15.
Kh1 Bf8 16. f4 g6 17. Nf3 e5 18. Nd5 Bxd5 19. cxd5 Bh6 20. Ng5 Nh5 21. fxe5
Nxe5 22. Rf1 Qe7 23. Bxe5 dxe5 24. Rxf7 Qxg5 25. Qf2 Rf8 26. Rxf8+ Rxf8 27.
Qxb6 Qf6 28. d6 Rd8 29. Qxa6 Bf8 30. Qc4+ Kh8 31. d7 Qe7 32. Qb5 Nf6 33. a4
Rxd7 34. Rxd7 Qxd7 35. h4 Qxb5 36. axb5 Nd7 37. Bf1 Bc5 38. Bc4 Kg7 39. Kg2 h6
40. Kf3 Kf6 41. Bd5 Bb4 42. Bc6 Nb6 43. Be8 Nc8 44. Bc6 Bc5 45. Bd5 Nd6 46. Bc6
Ke7 47. g4 g5 48. hxg5 hxg5 49. Ke2 Kd8 50. Kd3 Kc7 51. Kc3 Kb6 52. b4 Bd4+ 53.
Kd3 Nxb5 54. Bd7 Nd6 55. Ba4 Bf2 56. Bd7 Be1 57. b5 Kc5 58. Be6 Nxb5 59. Bd5
Bc3 60. Bg8 Bd4 61. Bd5 Kb4 62. Bg8 Na7 63. Bd5 Nc8 64. Be6 Nb6 65. Bg8 Na4 66.
Bd5 Nb2+ 67. Kc2 Nc4 68. Kd3 Ne3 69. Be6 Nd1 70. Ke2 Nf2 71. Kf3 Kc3 72. Bd7
Kd2 73. Bb5 Ke1 74. Bc4 Nd1 75. Bb5 Nc3 76. Bc4 Nb1 77. Bd3 Nd2+ 78. Kg2 Nb3
79. Kf3 Nc5 80. Bc4 Kd2 81. Bb5 Ne6 82. Bc4 Nf8 83. Bf7 Kd3 84. Be8 Ne6 85.
Bb5+ Kd2 86. Bd7 Nc5 87. Bb5 Ke1 88. Bc4 Bg1 89. Bb5 Bh2 90. Bc4 Bf4 91. Bb5
Nb3 92. Bd3 Nd4+ 93. Kg2 Kd2 94. Ba6 Ke3 95. Bb7 Ne6 96. Bd5 Nc5 97. Bc6 Nxe4
98. Bd5 Nf6 99. Bb7 Nxg4 100. Bc6 e4 101. Bb7 Nf6 102. Bc6 Ke2 103. Bb5+ Kd2
104. Kf1 e3 105. Bc4 Ne4 0-1

[Event "Gibtelecom AmatWk1 5th"]
[Site "Gibraltar"]
[Date "2007.01.25"]
[Round "3.23"]
[White "Joseph, Adrian P"]
[Black "Millward, Kevin"]
[Result "0-1"]
[WhiteElo "1672"]
[BlackElo "1744"]
[PlyCount "96"]
[EventDate "2007.01.23"]
[EventType "swiss"]
[EventRounds "5"]
[EventCountry "GGB"]
[SourceTitle "BritBase"]
[Source "www.saund.co.uk"]
[SourceDate "2018.02.10"]
[SourceVersion "1"]
[SourceVersionDate "2018.02.10"]
[SourceQuality "1"]

1. e4 e6 2. d4 d5 3. e5 c5 4. c3 Nc6 5. Nf3 Qb6 6. Be2 cxd4 7. cxd4 Nge7 8. Nc3
Nf5 9. Na4 Bb4+ 10. Bd2 Qa5 11. Bc3 b5 12. a3 Bxc3+ 13. Nxc3 a6 14. O-O Qb6 15.
Bd3 Nfxd4 16. Re1 Nxf3+ 17. Qxf3 Bb7 18. Qh5 g6 19. Qg5 Qd8 20. Qh6 Qe7 21.
Rac1 Qf8 22. Qf4 Qe7 23. Qh6 Kd7 24. Qh3 Na5 25. Qe3 Nc4 26. Bxc4 bxc4 27. Qb6
Rhb8 28. Na4 Ke8 29. Qe3 Bc6 30. Nb6 Ra7 31. a4 a5 32. Rxc4 dxc4 33. Nxc4 Kf8
34. h4 Bd5 35. Nd6 Rd7 36. h5 Rxd6 37. exd6 Qxd6 38. h6 f6 39. Qc3 Kf7 40. g4
e5 41. g5 Rb4 42. Qg3 Qe6 43. f3 Qb6+ 44. Kh1 Rb3 45. Rf1 Qe3 46. Kg2 Rxb2+ 47.
Kh1 Rb3 48. Kg2 Qxg5 0-1

[Event "Gibtelecom AmatWk1 5th"]
[Site "Gibraltar"]
[Date "2007.01.25"]
[Round "3.24"]
[White "Hughes, Peter"]
[Black "Barclay, Richard"]
[Result "0-1"]
[WhiteElo "1648"]
[BlackElo "1752"]
[PlyCount "94"]
[EventDate "2007.01.23"]
[EventType "swiss"]
[EventRounds "5"]
[EventCountry "GGB"]
[SourceTitle "BritBase"]
[Source "www.saund.co.uk"]
[SourceDate "2018.02.10"]
[SourceVersion "1"]
[SourceVersionDate "2018.02.10"]
[SourceQuality "1"]

1. d4 d5 2. c4 c6 3. Nf3 Nf6 4. e3 Bf5 5. Nc3 e6 6. Nh4 Bg6 7. Qb3 Qb6 8. Nxg6
hxg6 9. Bd2 Nbd7 10. Bd3 Be7 11. Qc2 Kf8 12. c5 Qc7 13. f4 b6 14. b4 a5 15.
bxa5 bxc5 16. dxc5 Nxc5 17. Be2 Nce4 18. Rb1 Nxd2 19. Qxd2 Rxa5 20. Qb2 Ra8 21.
O-O g5 22. Qb7 Qxb7 23. Rxb7 gxf4 24. exf4 Bd6 25. Rb2 Ke7 26. g3 Bc5+ 27. Kg2
Bd4 28. Rc1 Ne4 29. Rb7+ Kf6 30. Nxe4+ dxe4 31. Rc2 c5 32. Bc4 g6 33. g4 Rhf8
34. Re2 Ra4 35. Bb3 Rb4 36. Rxb4 cxb4 37. Rxe4 Rd8 38. Re2 g5 39. fxg5+ Kxg5
40. h3 Kf4 41. Re1 Rd7 42. Rf1+ Kg5 43. Rd1 e5 44. Rf1 f6 45. Rf5+ Kg6 46. Rf1
Be3 47. Kf3 Bg5 {remaining moves not recorded} 0-1

[Event "Gibtelecom AmatWk1 5th"]
[Site "Gibraltar"]
[Date "2007.01.25"]
[Round "3.25"]
[White "Rashleigh, Jonathan"]
[Black "Bucknell, Malcolm Gordon"]
[Result "0-1"]
[WhiteElo "1560"]
[BlackElo "2064"]
[PlyCount "62"]
[EventDate "2007.01.23"]
[EventType "swiss"]
[EventRounds "5"]
[EventCountry "GGB"]
[SourceTitle "BritBase"]
[Source "www.saund.co.uk"]
[SourceDate "2018.02.10"]
[SourceVersion "1"]
[SourceVersionDate "2018.02.10"]
[SourceQuality "1"]

1. d4 Nf6 2. Bg5 e6 3. Nd2 h6 4. Bh4 d5 5. e3 c5 6. c3 Nc6 7. Bd3 Be7 8. f4 Nd7
9. Bxe7 Qxe7 10. Qg4 f5 11. Qe2 c4 12. Bc2 Nf6 13. h3 Bd7 14. O-O-O b5 15. g4
Ne4 16. Nxe4 fxe4 17. f5 exf5 18. gxf5 O-O 19. Qg2 Rxf5 20. Ne2 Kh8 21. Nf4 Qf7
22. h4 Ne7 23. Rdg1 b4 24. Bd1 bxc3 25. bxc3 Rb8 26. Rf1 Qf8 27. Bg4 Rxf4 28.
Rxf4 Nf5 29. Bd1 Qa3+ 30. Kd2 Rb2+ 31. Bc2 Rxc2+ 0-1

[Event "Gibtelecom AmatWk1 5th"]
[Site "Gibraltar"]
[Date "2007.01.25"]
[Round "3.26"]
[White "Poggio, Freddie"]
[Black "Adams, Tim P"]
[Result "1-0"]
[WhiteElo "1400"]
[BlackElo "1776"]
[PlyCount "77"]
[EventDate "2007.01.23"]
[EventType "swiss"]
[EventRounds "5"]
[EventCountry "GGB"]
[SourceTitle "BritBase"]
[Source "www.saund.co.uk"]
[SourceDate "2018.02.10"]
[SourceVersion "1"]
[SourceVersionDate "2018.02.10"]
[SourceQuality "1"]

1. e4 e6 2. d4 d5 3. exd5 exd5 4. Nf3 Bd6 5. c4 Bb4+ 6. Nc3 Ne7 7. a3 Bxc3+ 8.
bxc3 O-O 9. Bd3 Bf5 10. O-O dxc4 11. Bxc4 Nbc6 12. Bg5 Qd6 13. Qb3 Na5 14. Bxe7
Qxe7 15. Qb5 Nxc4 16. Qxf5 Nd6 17. Qc5 f6 18. Rfe1 Qf7 19. d5 Rfe8 20. Nd4 Ne4
21. Qb5 Nxc3 22. Rxe8+ Rxe8 23. Qxb7 Qxd5 24. Qxd5+ Nxd5 25. Nc6 a6 26. Kf1 Kf7
27. Rd1 Nb6 28. Nd8+ Kg6 29. Nc6 Re4 30. f3 Re3 31. Rc1 Na8 32. a4 Nb6 33. a5
Nd5 34. Rc5 Nf4 35. Rc2 Nd3 36. g3 Re1+ 37. Kg2 Rb1 38. Ne7+ Kh6 39. Rxc7 {time
} 1-0

[Event "Gibtelecom AmatWk1 5th"]
[Site "Gibraltar"]
[Date "2007.01.25"]
[Round "3.27"]
[White "Haddock, Paul"]
[Black "Bailey, Gregory"]
[Result "0-1"]
[WhiteElo "1424"]
[BlackElo "1280"]
[PlyCount "119"]
[EventDate "2007.01.23"]
[EventType "swiss"]
[EventRounds "5"]
[EventCountry "GGB"]
[SourceTitle "BritBase"]
[Source "www.saund.co.uk"]
[SourceDate "2018.02.10"]
[SourceVersion "1"]
[SourceVersionDate "2018.02.10"]
[SourceQuality "1"]

1. e4 c5 2. Nf3 Nc6 3. d4 cxd4 4. Nxd4 Nf6 5. Nc3 e5 6. Ndb5 d6 7. Bg5 a6 8.
Na3 b5 9. Nd5 Qa5+ 10. c3 Nxe4 11. b4 Qxa3 12. Bc1 Nxc3 13. Bxa3 Nxd1 14. Nc7+
Kd8 15. Nxa8 Nc3 16. Rc1 Bb7 17. Rxc3 Bxa8 18. f3 d5 19. Rb3 Be7 20. Kf2 Kc7
21. Bd3 Kb6 22. Rc1 g6 23. g3 f5 24. Bf1 Rd8 25. Bg2 Bb7 26. h4 d4 27. Rb2 f4
28. Bf1 fxg3+ 29. Kxg3 Rf8 30. Bd3 Nxb4 31. Be4 Bxe4 32. fxe4 Nc6 33. Rxc6+
Kxc6 34. Bxe7 Rf7 35. Bg5 Rf1 36. Rc2+ Kd6 37. Kg2 Re1 38. Kf3 Rf1+ 39. Rf2 Rd1
40. Re2 Rd3+ 41. Kf2 Rc3 42. Rd2 b4 43. Rb2 Rh3 44. Kg2 Rc3 45. Bd2 Rd3 46.
Bxb4+ Kd7 47. Bd2 Kc6 48. a4 Ra3 49. a5 Kc7 50. Kf2 Rh3 51. Kg2 Rxh4 52. Rb6
Rxe4 53. Rxa6 Re2+ 54. Kf3 Rxd2 55. Re6 Rd3+ 56. Ke4 Re3+ 57. Kd5 d3 58. a6 d2
59. a7 d1=Q+ 60. Kc5 0-1

[Event "Gibtelecom AmatWk1 5th"]
[Site "Gibraltar"]
[Date "2007.01.25"]
[Round "3.28"]
[White "Apps, Ian"]
[Black "Garcia Lechugo, Francisco"]
[Result "1-0"]
[WhiteElo "1400"]
[BlackElo "1300"]
[PlyCount "41"]
[EventDate "2007.01.23"]
[EventType "swiss"]
[EventRounds "5"]
[EventCountry "GGB"]
[SourceTitle "BritBase"]
[Source "www.saund.co.uk"]
[SourceDate "2018.02.10"]
[SourceVersion "1"]
[SourceVersionDate "2018.02.10"]
[SourceQuality "1"]

1. Nf3 b6 2. g3 Bb7 3. Bg2 e6 4. O-O Nf6 5. d3 Be7 6. Re1 O-O 7. Nc3 d5 8. e4
dxe4 9. dxe4 Qxd1 10. Rxd1 Nxe4 11. Nb5 Na6 12. Bf4 Bd5 13. Bxc7 Bc5 14. Nfd4
Nf6 15. Bxd5 Nxd5 16. Be5 Nac7 17. Nxc7 Nxc7 18. Bxc7 Rac8 19. Bf4 f6 20. Nxe6
Bxf2+ 21. Kxf2 1-0

[Event "Gibtelecom AmatWk1 5th"]
[Site "Gibraltar"]
[Date "2007.01.26"]
[Round "4.22"]
[White "Millward, Kevin"]
[Black "Goodfellow, Russell"]
[Result "1-0"]
[WhiteElo "1744"]
[BlackElo "1704"]
[PlyCount "127"]
[EventDate "2007.01.23"]
[EventType "swiss"]
[EventRounds "5"]
[EventCountry "GGB"]
[SourceTitle "BritBase"]
[Source "www.saund.co.uk"]
[SourceDate "2018.02.10"]
[SourceVersion "1"]
[SourceVersionDate "2018.02.10"]
[SourceQuality "1"]

1. e4 c5 2. Nc3 Nc6 3. g3 g6 4. Bg2 Bg7 5. d3 e6 6. Be3 Qa5 7. Qd2 Nd4 8. f4
Ne7 9. Nf3 d5 10. Bxd4 cxd4 11. Ne2 Qb6 12. Rb1 O-O 13. e5 Nc6 14. O-O f6 15.
exf6 Bxf6 16. Kh1 Bd7 17. Neg1 Rac8 18. a3 Qc7 19. Rbc1 Bg7 20. Rfe1 Qb6 21.
Rb1 Ne7 22. Bh3 Qc5 23. Re2 Rc6 24. Ng5 Rf6 25. Rbe1 Qb6 26. Rb1 h6 27. N5f3
Rf8 28. Bg4 Re8 29. Ne5 Bxe5 30. Rxe5 Rec8 31. Re2 Kg7 32. Nf3 R8c7 33. Ne5 Rd6
34. h4 Nf5 35. Bxf5 exf5 36. Nf3 Ba4 37. b3 Bd7 38. Rbe1 Rf6 39. Re7+ Rf7 40.
Rxf7+ Kxf7 41. Qf2 Be6 42. Re2 Kf6 43. Nxd4 Bd7 44. Qe3 Qd6 45. a4 Rc8 46. Qe5+
Qxe5 47. fxe5+ Ke7 48. Kg2 Be8 49. Kf3 Bf7 50. Kf4 Rd8 51. Nb5 a6 52. Nd6 b6
53. h5 Rb8 54. hxg6 Bxg6 55. Nxf5+ Ke6 56. Nxh6 Rf8+ 57. Kg4 Be8 58. Kh4 Bd7
59. Kg5 Rf3 60. g4 Rf8 61. Nf5 Bc8 62. Kf4 Bd7 63. Rh2 Rf7 64. Rh6+ 1-0